| 000 | 00791nam a2200241 a 4500 | ||
|---|---|---|---|
| 001 | 44239 | ||
| 003 | BD-RjUL | ||
| 005 | 20211209053824.0 | ||
| 008 | 160716s1970 bg ||||| |||| 00| 0 ben d | ||
| 020 | _c: PRs.5.00 | ||
| 035 | _a(BD-RjUL)44357 | ||
| 040 |
_aBD-RjUL _bben _cBD-RjUL _dBD-RjUL |
||
| 041 | _aben | ||
| 082 |
_223 _a891.441 _bKAO 1970 |
||
| 100 |
_aকায়কোবাদ _9135843 |
||
| 245 | 1 | 0 |
_aঅমিয়-ধারা / _cকায়কোবাদ |
| 250 | _a৩য় সং. | ||
| 260 |
_aঢাকা : _bপাকিস্থান বুক, _c১৯৭০ |
||
| 300 |
_a[১০], ২৬৪ পৃ. : _bচিত্র ; _c২৩ সেমি. |
||
| 650 |
_aবাংলা কবিতা _9135844 |
||
| 650 |
_aBengali Poetry _9135845 |
||
| 942 |
_2ddc _cBK |
||
| 999 |
_c44239 _d44239 |
||